Fräser mit optimierter Geometrie für die luft- und Raumfahrt; Космическое приборостроение

Dades bibliogràfiques
Parent link:Космическое приборостроение.— 2015.— [С. 375-377]
Autor principal: Schatalov E. V.
Autor corporatiu: Национальный исследовательский Томский политехнический университет
Sumari:Заглавие с титульного экрана
Idioma:alemany
Publicat: 2015
Col·lecció:Space instrument making
Matèries:
Accés en línia:http://earchive.tpu.ru/handle/11683/64494
http://www.lib.tpu.ru/fulltext/c/2015/C22/094.pdf
Format: MixedMaterials Electrònic Capítol de llibre
KOHA link:https://koha.lib.tpu.ru/cgi-bin/koha/opac-detail.pl?biblionumber=612225

MARC

LEADER 00000naa2a2200000 4500
001 612225
005 20260421142638.0
035 |a (RuTPU)RU\TPU\conf\10337 
035 |a RU\TPU\conf\10332 
090 |a 612225 
100 |a 20150525d2015 k y0rusy50 ba 
101 0 |a ger 
102 |a RU 
135 |a drcn ---uucaa 
181 0 |a i  
182 0 |a b 
200 1 |a Fräser mit optimierter Geometrie für die luft- und Raumfahrt  |f E. V. Schatalov  |g wiss. Betr. L. V. Tarasova 
203 |a Текст  |c электронный 
225 1 |a Space instrument making 
300 |a Заглавие с титульного экрана 
320 |a [Библиогр.: с. 377 (1 назв.)] 
337 |a Adobe Reader 
463 1 |0 (RuTPU)RU\TPU\conf\9748  |t Космическое приборостроение  |o сборник научных трудов III Всероссийского форума школьников, студентов, аспирантов и молодых ученых с международным участием, г. Томск, 8-10 апреля 2015 г.  |f Национальный исследовательский Томский политехнический университет (ТПУ)  |v [С. 375-377]  |d 2015 
610 1 |a труды учёных ТПУ 
610 1 |a электронный ресурс 
610 1 |a аэрокосмическая промышленность 
610 1 |a стали 
610 1 |a сплавы 
610 1 |a композиты 
610 1 |a инновационные инструменты 
700 1 |a Schatalov  |b E. V. 
712 0 2 |a Национальный исследовательский Томский политехнический университет  |c (2009- )  |9 26305 
801 2 |a RU  |b 63413507  |c 20210212  |g RCR 
856 4 |u http://earchive.tpu.ru/handle/11683/64494 
856 4 |u http://www.lib.tpu.ru/fulltext/c/2015/C22/094.pdf 
942 |c BK